|
|
|
|
| LEADER |
00942nam a22002417a 4500 |
| 001 |
17577 |
| 003 |
BD-DhAAL |
| 005 |
20140609160643.0 |
| 008 |
140609s1996 txua b 001 0 eng d |
| 020 |
|
|
|a 0911051945
|
| 040 |
|
|
|a BD-DhAAL
|c BD-DhAAL
|
| 082 |
|
|
|a 305.42
|
| 100 |
1 |
|
|a Vaughan, Genevieve,
|d 1939-
|9 4771
|
| 245 |
1 |
0 |
|a For-giving :
|b a feminist criticism of exchange /
|c Genevieve Vaughan ; foreword by Robin Morgan.
|
| 260 |
|
|
|a Austin, TX :
|b Plain View Press,
|c 1996.
|
| 300 |
|
|
|a 432 p. :
|b ill. ;
|c 23 cm.
|
| 504 |
|
|
|a Includes bibliographical references (p. 425-429) and indexes.
|
| 541 |
|
|
|e 17577
|
| 650 |
|
0 |
|a Feminist economics
|9 4772
|
| 700 |
1 |
|
|a Morgan, Robin,
|d 1941-
|9 4773
|
| 942 |
|
|
|2 ddc
|c BK
|
| 999 |
|
|
|c 14399
|d 14399
|
| 952 |
|
|
|0 0
|1 0
|2 ddc
|4 0
|6 305_420000000000000_VAU
|7 0
|9 24398
|a BRACUL
|b BRACUL
|c GEN
|d 2014-06-09
|l 0
|o 305.42 VAU
|p 3010017577
|r 2014-06-09
|t 1
|w 2014-06-09
|y BK
|x Transferred from ENH to Ayesha Abed library on 20/12/2023
|